<?xml version="1.0" encoding="UTF-8"?>
<record
    xmlns:xsi="http://www.w3.org/2001/XMLSchema-instance"
    xsi:schemaLocation="http://www.loc.gov/MARC21/slim http://www.loc.gov/standards/marcxml/schema/MARC21slim.xsd"
    xmlns="http://www.loc.gov/MARC21/slim">

  <leader>00401nam a2200145Ia 4500</leader>
  <controlfield tag="008">230411s9999    xx            000 0 und d</controlfield>
  <datafield tag="020" ind1=" " ind2=" ">
    <subfield code="a">978-93-83516-01-8</subfield>
  </datafield>
  <datafield tag="041" ind1=" " ind2=" ">
    <subfield code="a">eng</subfield>
  </datafield>
  <datafield tag="082" ind1=" " ind2=" ">
    <subfield code="a">X/294/RAJ/B08634</subfield>
  </datafield>
  <datafield tag="100" ind1=" " ind2=" ">
    <subfield code="a">Rajagopalachari Parthasarathi</subfield>
    <subfield code="9">179950</subfield>
  </datafield>
  <datafield tag="245" ind1=" " ind2=" ">
    <subfield code="a">My Master</subfield>
  </datafield>
  <datafield tag="260" ind1=" " ind2=" ">
    <subfield code="b">Spiritual Hierarchy Publication Trust</subfield>
    <subfield code="a">Kolkata</subfield>
    <subfield code="c">2014</subfield>
  </datafield>
  <datafield tag="300" ind1=" " ind2=" ">
    <subfield code="a">239p</subfield>
  </datafield>
  <datafield tag="999" ind1=" " ind2=" ">
    <subfield code="c">158246</subfield>
    <subfield code="d">158246</subfield>
  </datafield>
  <datafield tag="952" ind1=" " ind2=" ">
    <subfield code="0">0</subfield>
    <subfield code="1">0</subfield>
    <subfield code="4">0</subfield>
    <subfield code="7">0</subfield>
    <subfield code="8">X</subfield>
    <subfield code="a">BTIN</subfield>
    <subfield code="b">BTIN</subfield>
    <subfield code="d">2018-01-09</subfield>
    <subfield code="e">MKSSSBTINE</subfield>
    <subfield code="g">100.00</subfield>
    <subfield code="i">Email</subfield>
    <subfield code="l">0</subfield>
    <subfield code="o">X 294 RAJ B08634</subfield>
    <subfield code="p">BTIN-BK-8634</subfield>
    <subfield code="r">2023-04-11 00:00:00</subfield>
    <subfield code="v">100.00</subfield>
    <subfield code="w">2017-12-19</subfield>
    <subfield code="y">BK</subfield>
    <subfield code="z">B08634</subfield>
  </datafield>
</record>
